[Event "San Fermin Masters Final"]
[Site "chess24.com INT"]
[Date "2021.07.10"]
[Round "1.1"]
[White "Carlsen, Magnus"]
[Black "Iturrizaga Bonelli, Eduardo"]
[Result "1-0"]
[WhiteTitle "GM"]
[BlackTitle "GM"]
[WhiteElo "2847"]
[BlackElo "2607"]
[WhiteFideId "1503014"]
[BlackFideId "3901211"]
[EventDate "2021.07.10"]

1. e4 c5 2. Nf3 Nc6 3. Bb5 e6 4. O-O Nge7 5. Re1 Nd4 6. Ba4 a6 7. c3 Nxf3+ 8.
Qxf3 b5 9. Bc2 Nc6 10. Qg3 e5 11. a4 Rb8 12. axb5 axb5 13. d4 d6 14. d5 Ne7 15.
f4 Ng6 16. f5 Ne7 17. b4 c4 18. Be3 Ng8 19. Ra7 Nf6 20. Nd2 Bd7 21. Rea1 g6 22.
Nf3 Be7 23. Nxe5 dxe5 24. Qxe5 O-O 25. Bd4 Re8 26. d6 Bf8 27. Qxf6 Qxf6 28. Bxf6 1-0

[Event "San Fermin Masters Final"]
[Site "chess24.com INT"]
[Date "2021.07.10"]
[Round "1.2"]
[White "Iturrizaga Bonelli, Eduardo"]
[Black "Carlsen, Magnus"]
[Result "0-1"]
[WhiteTitle "GM"]
[BlackTitle "GM"]
[WhiteElo "2607"]
[BlackElo "2847"]
[WhiteFideId "3901211"]
[BlackFideId "1503014"]
[EventDate "2021.07.10"]

1. c4 Nf6 2. g3 c6 3. Bg2 d5 4. Nf3 b5 5. cxd5 cxd5 6. d3 e6 7. O-O Be7 8. a4 b4
9. a5 O-O 10. Nbd2 Nc6 11. Nb3 Ba6 12. Be3 Rc8 13. Qd2 e5 14. Rfc1 d4 15. Bg5 e4
16. Bxf6 e3 17. fxe3 dxe3 18. Qxe3 Bxf6 19. Qd2 Re8 20. Kh1 h5 21. Nc5 Bb5 22.
Rab1 Qxa5 23. Ne4 Rxe4 24. dxe4 Qd8 25. Qd5 a6 26. Qxh5 Bxe2 27. Qf5 Ne7 28.
Rxc8 Nxc8 29. Qd5 Qxd5 30. exd5 Nd6 31. b3 Bc3 32. Ng5 Bd3 33. Rc1 a5 34. Nh3 g6
35. Nf4 Bb5 36. Bf1 Bd7 37. Bd3 Kg7 38. Kg2 Kf6 39. Ne2 Bd2 40. Rc7 Be8 41. Ra7
a4 42. bxa4 b3 43. Ra6 Ke5 44. Ng1 Kxd5 45. Nf3 Bc3 46. a5 b2 47. Rb6 Kc5 48.
Rb8 Bb5 49. Bb1 Bxa5 50. Ng5 Bc6+ 51. Kh3 Bc3 52. Kg4 f5+ 53. Kh3 Ne4 54. Nxe4+
Bxe4 55. Ba2 g5 56. Rc8+ Kb4 57. Rc7 Bd4 58. Rc4+ Ka3 59. Rxd4 Kxa2 60. Ra4+ Kb3 0-1

[Event "San Fermin Masters Final"]
[Site "chess24.com INT"]
[Date "2021.07.10"]
[Round "1.3"]
[White "Carlsen, Magnus"]
[Black "Iturrizaga Bonelli, Eduardo"]
[Result "1/2-1/2"]
[WhiteTitle "GM"]
[BlackTitle "GM"]
[WhiteElo "2847"]
[BlackElo "2607"]
[WhiteFideId "1503014"]
[BlackFideId "3901211"]
[EventDate "2021.07.10"]

1. e4 c5 2. Nf3 Nc6 3. Bb5 e6 4. O-O Nge7 5. Re1 Nd4 6. Ba4 Qa5 7. Nxd4 cxd4 8.
c3 b5 9. Bc2 Nc6 10. b4 Qb6 11. a4 bxa4 12. Bxa4 Be7 13. Na3 O-O 14. Nc4 Qc7 15.
e5 Nxb4 16. Nd6 Nd3 17. Re4 Nxe5 18. Nb5 Qb8 19. cxd4 Ng6 20. d5 Bb7 21. Nc3
exd5 22. Re1 Bc6 23. Bc2 Bd6 24. Qh5 Re8 25. Rxe8+ Qxe8 26. Ne2 Bb5 27. d3 Rc8
28. Ra2 Qe5 29. Qxe5 Bxe5 30. Be3 a6 31. g3 Ne7 32. f4 Bf6 33. Bd4 Nc6 34. Bxf6
gxf6 35. Rb2 d4 36. Kf2 Kg7 37. Bb1 f5 38. Ng1 Kf6 39. Nf3 h6 40. Rc2 Bxd3 41.
Rxc6+ dxc6 42. Bxd3 c5 43. Bxa6 Ra8 44. Bc4 Ra3 45. Ne5 Rc3 46. Bxf7 Rc2+ 47.
Kf3 Rc3+ 48. Kf2 Rc2+ 49. Kf3 Rc3+ 50. Kf2 1/2-1/2

[Event "San Fermin Masters Final"]
[Site "chess24.com INT"]
[Date "2021.07.10"]
[Round "1.4"]
[White "Iturrizaga Bonelli, Eduardo"]
[Black "Carlsen, Magnus"]
[Result "1/2-1/2"]
[WhiteTitle "GM"]
[BlackTitle "GM"]
[WhiteElo "2607"]
[BlackElo "2847"]
[WhiteFideId "3901211"]
[BlackFideId "1503014"]
[EventDate "2021.07.10"]

1. c4 g6 2. g3 Bg7 3. Bg2 c5 4. Nc3 Nc6 5. Nf3 d6 6. a3 Qd7 7. Rb1 b6 8. d3 Bb7
9. O-O Nh6 10. e4 O-O 11. h3 f5 12. Re1 fxe4 13. Nxe4 Nf5 14. b4 Ncd4 15. bxc5
dxc5 16. Nxc5 Bxf3 17. Nxd7 Bxd1 18. Nxf8 Rxf8 19. Rxd1 Ne2+ 20. Kh2 Nc3 21. Bd2
Nxb1 22. Rxb1 Bd4 23. Be1 Bc5 24. a4 Nd4 25. Be4 Nc2 26. f3 Nxe1 27. Rxe1 Kg7
28. Kg2 g5 29. Bd5 Bd6 30. d4 Rf5 31. Re6 h6 32. Re2 Kf6 33. Re6+ Kg7 34. Re1
Kf6 35. Rb1 h5 36. Rb5 h4 37. g4 Rf4 38. Be4 e6 39. a5 Bc7 40. axb6 axb6 41. c5
bxc5 42. dxc5 Ke7 43. c6 e5 44. Rd5 Bd6 45. Ra5 Bc7 46. Ra8 Rf8 47. Rxf8 Kxf8
48. Kf2 Ke7 49. Bf5 Kd6 50. Bd7 Kd5 51. Ke3 Bb6+ 52. Kd3 Bc7 53. Be8 Bb8 54.
Bf7+ Kxc6 55. Ke4 Ba7 56. Kxe5 Be3 57. Ke4 Bf4 58. Kd3 1/2-1/2

[Event "San Fermin Masters Final"]
[Site "chess24.com INT"]
[Date "2021.07.10"]
[Round "1.5"]
[White "Carlsen, Magnus"]
[Black "Iturrizaga Bonelli, Eduardo"]
[Result "1-0"]
[WhiteTitle "GM"]
[BlackTitle "GM"]
[WhiteElo "2847"]
[BlackElo "2607"]
[WhiteFideId "1503014"]
[BlackFideId "3901211"]
[EventDate "2021.07.10"]

1. d4 Nf6 2. Bf4 g6 3. Nc3 d5 4. e3 Bg7 5. h4 c6 6. Be2 h5 7. Nf3 Qb6 8. Na4
Qa5+ 9. c3 Bg4 10. b4 Qd8 11. Nc5 Qc8 12. a4 Nbd7 13. O-O O-O 14. a5 a6 15. c4
e6 16. Rc1 Re8 17. Qb3 Ne4 18. Rfd1 Ndf6 19. Qa2 Re7 20. Ne5 Bxe2 21. Qxe2 Qd8
22. Na4 Nd6 23. Nb6 Rb8 24. Nd3 Nfe8 25. c5 Nf5 26. Bxb8 Qxb8 27. g3 Nc7 28. Qf3
Nb5 29. Qf4 Qe8 30. Re1 f6 31. Qf3 Bh6 32. Rcd1 Nc3 33. Rc1 Ne4 34. Nf4 Qf7 35.
Rcd1 Nc3 36. Rd3 Ne4 37. Kg2 Ng7 38. Nc8 Rd7 39. Nd6 Nxd6 40. cxd6 e5 41. dxe5
fxe5 42. Nxd5 Qxf3+ 43. Kxf3 cxd5 44. Rxd5 Nf5 45. Rc1 Bf8 46. Rc7 Rxd6 47. Rxd6
Nxd6 48. Rd7 Kh8 49. g4 Kg8 50. g5 Kh8 51. Ke2 Kg8 52. Kd3 Kh8 53. f3 Kg8 54. f4
exf4 55. exf4 Kh8 56. Kd4 Nf5+ 57. Kc4 Nd6+ 58. Kd5 Nb5 59. Rxb7 Bxb4 60. Rxb5 1-0

[Event "San Fermin Masters Final"]
[Site "chess24.com INT"]
[Date "2021.07.10"]
[Round "1.6"]
[White "Iturrizaga Bonelli, Eduardo"]
[Black "Carlsen, Magnus"]
[Result "1-0"]
[WhiteTitle "GM"]
[BlackTitle "GM"]
[WhiteElo "2607"]
[BlackElo "2847"]
[WhiteFideId "3901211"]
[BlackFideId "1503014"]
[EventDate "2021.07.10"]

1. c4 e5 2. g3 h5 3. Nf3 Nc6 4. Nc3 Bc5 5. Bg2 h4 6. Nxh4 Rxh4 7. gxh4 Qxh4 8.
e3 Qxc4 9. a3 Nf6 10. b4 Bb6 11. Bb2 Qe6 12. Rc1 Ne7 13. Na4 c6 14. O-O d5 15.
f4 e4 16. Nxb6 axb6 17. Qe1 Nf5 18. Bh3 Qe7 19. Bxf5 Bxf5 20. Qh4 Nd7 21. Qh8+
Qf8 22. Qxf8+ Kxf8 23. Kf2 b5 24. Rg1 f6 25. h4 Nb6 26. h5 Nc4 27. Bc3 Kf7 28.
Rg3 Rh8 29. Rcg1 Rh7 30. R3g2 Nd6 31. Rh2 Rh6 32. Ra1 Ke6 33. a4 bxa4 34. Rxa4
g6 35. Ra7 gxh5 36. Bd4 h4 37. Bc5 Rh7 38. Ra8 h3 39. Rg8 Nc4 40. Kg1 b6 41. Bd4
Kf7 42. Rb8 Rg7+ 43. Kf1 b5 44. Bc3 Ke6 45. Re8+ Re7 46. Rc8 d4 47. Bxd4 Kd5 48.
Rf8 Re6 49. Bxf6 Bg4 50. Bc3 Nd6 51. Rg8 Bf5 52. Rg5 Kc4 53. Be5 Bh7 54. Rxh3
Nf7 55. Rg7 Bf5 56. Rh5 Bg6 57. Rh2 Nxe5 58. fxe5 Be8 59. Rhh7 Rxe5 60. Re7 Rf5+
61. Ke1 Bg6 62. Rxe4+ Kb3 63. Rh6 Rg5 64. Rd4 Kc2 65. Kf2 Kd1 66. Rh1+ Kc2 67.
Rh6 Kd1 68. Kf3 Bf7 69. Rxc6 Bd5+ 70. Rxd5 Rxd5 71. d4 Kd2 72. Rc5 Rd8 73. Rxb5
Kd3 74. Re5 Rf8+ 75. Kg4 1-0

[Event "San Fermin Masters Final"]
[Site "chess24.com INT"]
[Date "2021.07.10"]
[Round "1.7"]
[White "Carlsen, Magnus"]
[Black "Iturrizaga Bonelli, Eduardo"]
[Result "1/2-1/2"]
[WhiteTitle "GM"]
[BlackTitle "GM"]
[WhiteElo "2847"]
[BlackElo "2607"]
[WhiteFideId "1503014"]
[BlackFideId "3901211"]
[EventDate "2021.07.10"]

1. e4 c5 2. Nf3 Nc6 3. Bb5 e6 4. O-O Nge7 5. Re1 Nd4 6. Ba4 Qa5 7. Nxd4 cxd4 8.
c3 b5 9. Bc2 Nc6 10. b4 Qb6 11. a4 bxa4 12. Rxa4 Be7 13. Na3 O-O 14. b5 Ne5 15.
cxd4 Ng6 16. d5 exd5 17. exd5 Bb7 18. Bxg6 fxg6 19. d4 Qf6 20. Qf3 Qxf3 21. gxf3
Bf6 22. Nc4 Bxd5 23. Ba3 Rfb8 24. Nd6 Bb3 25. Rb4 Bd5 26. Ra4 Bb3 27. Rb4 Bd5
28. Ra4 1/2-1/2

[Event "San Fermin Masters Final"]
[Site "chess24.com INT"]
[Date "2021.07.10"]
[Round "1.1"]
[White "So, Wesley"]
[Black "Le, Quang Liem"]
[Result "1-0"]
[WhiteTitle "GM"]
[BlackTitle "GM"]
[WhiteElo "2772"]
[BlackElo "2709"]
[WhiteFideId "5202213"]
[BlackFideId "12401137"]
[EventDate "2021.07.10"]

1. d4 Nf6 2. c4 e6 3. Nc3 Bb4 4. Qc2 d5 5. cxd5 Qxd5 6. e3 c5 7. Bd2 Bxc3 8.
bxc3 O-O 9. Nf3 b6 10. c4 Qc6 11. Bd3 Bb7 12. Bc3 Nbd7 13. O-O Rac8 14. d5 exd5
15. cxd5 Qxd5 16. Rad1 Qh5 17. Bf5 Rcd8 18. Rd6 g6 19. Bxd7 Nxd7 20. Qd1 Qf5 21.
Ne5 Nxe5 22. Rxd8 Nc6 23. Rxf8+ Kxf8 24. Qd6+ Ke8 25. Rd1 1-0

[Event "San Fermin Masters Final"]
[Site "chess24.com INT"]
[Date "2021.07.10"]
[Round "1.2"]
[White "Le, Quang Liem"]
[Black "So, Wesley"]
[Result "0-1"]
[WhiteTitle "GM"]
[BlackTitle "GM"]
[WhiteElo "2709"]
[BlackElo "2772"]
[WhiteFideId "12401137"]
[BlackFideId "5202213"]
[EventDate "2021.07.10"]

1. d4 Nf6 2. Nf3 d5 3. c4 e6 4. g3 Be7 5. Bg2 O-O 6. O-O dxc4 7. Na3 Bxa3 8.
bxa3 Bd7 9. Qc2 Bc6 10. Qxc4 Bd5 11. Qc2 Be4 12. Qb2 Nbd7 13. Bf4 Rc8 14. Rac1
Re8 15. Rfd1 Nd5 16. Bg5 f6 17. Bd2 c5 18. dxc5 Nxc5 19. Ne1 Bxg2 20. Nxg2 Qb6
21. Qxb6 Nxb6 22. Be3 Nca4 23. Bxb6 Nxb6 24. Nf4 Kf7 25. f3 Rxc1 26. Rxc1 Rc8
27. Rxc8 Nxc8 28. Kf2 Nb6 29. Nd3 Nc4 30. a4 Ke7 31. e4 Kd6 32. Ke2 a5 33. f4 e5
34. f5 h5 35. h3 Nb6 36. g4 hxg4 37. hxg4 Nxa4 38. Ke3 b5 39. Nc1 Nc5 40. Ne2 b4
41. Ng3 a4 42. Kd2 Ke7 43. Kc2 Kf7 44. Kd2 g5 45. Kc2 Ke7 46. Kd2 Kd6 47. Kc2
Kc6 0-1

[Event "San Fermin Masters Final"]
[Site "chess24.com INT"]
[Date "2021.07.10"]
[Round "1.3"]
[White "So, Wesley"]
[Black "Le, Quang Liem"]
[Result "1/2-1/2"]
[WhiteTitle "GM"]
[BlackTitle "GM"]
[WhiteElo "2772"]
[BlackElo "2709"]
[WhiteFideId "5202213"]
[BlackFideId "12401137"]
[EventDate "2021.07.10"]

1. d4 Nf6 2. c4 e6 3. Nc3 Bb4 4. e3 O-O 5. Nf3 d5 6. Bd2 b6 7. cxd5 exd5 8. Bd3
Bb7 9. O-O Be7 10. Ne5 c5 11. f4 Nc6 12. Ne2 Ne4 13. Bxe4 dxe4 14. Nxc6 Bxc6 15.
Bc3 Bb5 16. Rf2 Bd3 17. dxc5 bxc5 18. Ng3 Bf6 19. Bxf6 Qxf6 20. Qg4 Rab8 21. Nh5
Qg6 22. Qh4 f5 23. h3 c4 24. Kh2 Rb5 25. Rd1 h6 26. g4 fxg4 27. hxg4 Qb6 28. Qe7
Rf7 29. Qe8+ Rf8 30. Qe7 Rf7 31. Qe8+ Rf8 32. Qe7 1/2-1/2

[Event "San Fermin Masters Final"]
[Site "chess24.com INT"]
[Date "2021.07.10"]
[Round "1.4"]
[White "Le, Quang Liem"]
[Black "So, Wesley"]
[Result "0-1"]
[WhiteTitle "GM"]
[BlackTitle "GM"]
[WhiteElo "2709"]
[BlackElo "2772"]
[WhiteFideId "12401137"]
[BlackFideId "5202213"]
[EventDate "2021.07.10"]

1. d4 Nf6 2. Nf3 d5 3. c4 dxc4 4. e3 e6 5. Bxc4 c5 6. O-O a6 7. Qe2 b5 8. Bd3
Nc6 9. a4 bxa4 10. Rd1 cxd4 11. Rxa4 Nb4 12. Nxd4 Bd7 13. Ra3 e5 14. Nf5 Qc8 15.
Rc3 Qb7 16. e4 Nxd3 17. Qxd3 Qxe4 18. Nd6+ Bxd6 19. Qxd6 Qxb1 20. Rc7 Qf5 21.
Re1 e4 22. Bg5 Qxg5 23. Rxe4+ Kd8 24. Re5 Re8 0-1

[Event "San Fermin Masters Final"]
[Site "chess24.com INT"]
[Date "2021.07.10"]
[Round "1.5"]
[White "So, Wesley"]
[Black "Le, Quang Liem"]
[Result "1-0"]
[WhiteTitle "GM"]
[BlackTitle "GM"]
[WhiteElo "2772"]
[BlackElo "2709"]
[WhiteFideId "5202213"]
[BlackFideId "12401137"]
[EventDate "2021.07.10"]

1. d4 Nf6 2. c4 e6 3. Nc3 Bb4 4. e3 O-O 5. Ne2 Re8 6. a3 Bf8 7. d5 a5 8. g3 c6
9. Bg2 exd5 10. cxd5 Na6 11. Rb1 Nc5 12. b4 axb4 13. axb4 Nce4 14. O-O d6 15.
Nxe4 Nxe4 16. dxc6 bxc6 17. Qc2 Bf5 18. g4 Bg6 19. f4 Nd2 20. f5 Nxf1 21. Kxf1
Qh4 22. h3 d5 23. Qxc6 Rac8 24. Qxd5 Red8 25. Qb3 Bxb4 26. Bb2 Rb8 27. fxg6 hxg6
28. Bd4 Bd6 29. Qa2 Rxb1+ 30. Qxb1 Rb8 31. Qa1 Bh2 32. Bxg7 Qe7 33. Bd4 Qc7 34.
Bf3 Qc2 35. Kg2 Bd6 36. Qc3 Qa4 37. Qc6 Qxc6 38. Bxc6 Rc8 39. Bd5 Bc5 40. Bxc5
Rxc5 41. e4 Kg7 42. h4 Ra5 43. g5 Kf8 44. Nf4 Ke7 45. Kg3 Ra3+ 46. Kg4 Re3 47.
h5 gxh5+ 48. Nxh5 Re1 49. Ng3 Rg1 50. Kf4 Kf8 51. Nf5 Ra1 52. Nd6 Rf1+ 53. Ke5
f6+ 54. gxf6 Rxf6 55. Nf5 Ra6 56. Be6 Ra5+ 57. Kf6 Ra7 58. e5 Rf7+ 59. Kg5 Rh7
60. Bd5 Rd7 61. Ne3 Ra7 62. e6 Rg7+ 63. Kf6 Rf7+ 64. Ke5 Ra7 65. Nf5 1-0

[Event "San Fermin Masters Final"]
[Site "chess24.com INT"]
[Date "2021.07.10"]
[Round "1.1"]
[White "Ding, Liren"]
[Black "Santos Latasa, Jaime"]
[Result "1/2-1/2"]
[WhiteTitle "GM"]
[BlackTitle "GM"]
[WhiteElo "2799"]
[BlackElo "2608"]
[WhiteFideId "8603677"]
[BlackFideId "2293307"]
[EventDate "2021.07.10"]

1. Nf3 d5 2. g3 Nd7 3. d4 Nb6 4. Nc3 Bf5 5. Ne5 c6 6. g4 Bc8 7. f3 f6 8. Nd3 e5
9. e3 Bd6 10. b3 Ne7 11. Bb2 Be6 12. Qd2 Nd7 13. O-O-O Qc7 14. Kb1 O-O-O 15. h3
Kb8 16. f4 e4 17. Nc1 h5 18. Be2 g5 19. f5 Bf7 20. Na4 Rh7 21. c4 Rdh8 22. Rhg1
hxg4 23. hxg4 Rh2 24. Qe1 R8h3 25. Bf1 Rf3 26. Rd2 Bg3 27. Rxg3 Rxf1 28. Qxf1
Qxg3 29. Rxh2 Qxh2 30. Ba3 Ng8 31. Nc3 Nb6 32. cxd5 Bxd5 33. Bc5 Nd7 34. Nxd5
cxd5 35. Ne2 Qc7 36. Ba3 Qc6 37. Qh3 Qa6 38. Qh8 Qd3+ 39. Ka1 Qxe2 40. Qxg8+ Kc7
41. Qxd5 Qd1+ 42. Kb2 Qd2+ 43. Kb1 Qd3+ 44. Kb2 Qd2+ 45. Kb1 Qd3+ 46. Kb2 Qd2+ 1/2-1/2

[Event "San Fermin Masters Final"]
[Site "chess24.com INT"]
[Date "2021.07.10"]
[Round "1.2"]
[White "Santos Latasa, Jaime"]
[Black "Ding, Liren"]
[Result "0-1"]
[WhiteTitle "GM"]
[BlackTitle "GM"]
[WhiteElo "2608"]
[BlackElo "2799"]
[WhiteFideId "2293307"]
[BlackFideId "8603677"]
[EventDate "2021.07.10"]

1. d4 Nf6 2. Nf3 d5 3. Bf4 c5 4. e3 Nc6 5. Nbd2 Qb6 6. dxc5 Qxb2 7. c4 Bf5 8. g4
Bxg4 9. Rb1 Qc3 10. Rxb7 e5 11. cxd5 Bxc5 12. Bg5 Ne4 13. Rb3 Qa5 14. Be2 Bxf3
15. Bxf3 Nxg5 16. dxc6 Rd8 17. Bg4 O-O 18. Bd7 Bb4 19. Ke2 Qb5+ 20. Ke1 e4 21.
Qe2 Nf3+ 22. Kd1 Qxe2+ 23. Kxe2 Bxd2 24. Rd1 Ba5 25. Rb7 Ne5 26. Rxa7 Bb6 27.
Rb7 Nxd7 28. Rdxd7 Rxd7 29. cxd7 Bd8 30. a4 f5 31. Ra7 Kf7 32. a5 Ke7 33. a6 Rf6 0-1

[Event "San Fermin Masters Final"]
[Site "chess24.com INT"]
[Date "2021.07.10"]
[Round "1.3"]
[White "Ding, Liren"]
[Black "Santos Latasa, Jaime"]
[Result "1-0"]
[WhiteTitle "GM"]
[BlackTitle "GM"]
[WhiteElo "2799"]
[BlackElo "2608"]
[WhiteFideId "8603677"]
[BlackFideId "2293307"]
[EventDate "2021.07.10"]

1. Nf3 d5 2. d4 Nd7 3. c4 e6 4. Nc3 Ngf6 5. cxd5 exd5 6. Bg5 c6 7. e3 h6 8. Bh4
g5 9. Bg3 Nh5 10. Bd3 Nxg3 11. hxg3 Bg7 12. O-O Nb6 13. b4 a6 14. a4 Be6 15. Rc1
O-O 16. a5 Nc8 17. Na4 Nd6 18. Nc5 Qe7 19. Ne5 Rfe8 20. f4 f6 21. Ng6 Qc7 22.
Qh5 Bf7 23. fxg5 fxg5 24. Rf3 Be6 25. Rcf1 Rad8 26. Ne5 Ne4 27. Nxe4 dxe4 28.
Bxe4 Bxe5 29. dxe5 Qxe5 30. Rf6 Re7 31. Qg6+ Rg7 32. Rxe6 1-0

[Event "San Fermin Masters Final"]
[Site "chess24.com INT"]
[Date "2021.07.10"]
[Round "1.4"]
[White "Santos Latasa, Jaime"]
[Black "Ding, Liren"]
[Result "1-0"]
[WhiteTitle "GM"]
[BlackTitle "GM"]
[WhiteElo "2608"]
[BlackElo "2799"]
[WhiteFideId "2293307"]
[BlackFideId "8603677"]
[EventDate "2021.07.10"]

1. Nf3 d5 2. e3 Nf6 3. c4 e6 4. Nc3 c5 5. d4 Nc6 6. a3 dxc4 7. Bxc4 a6 8. O-O b5
9. Bd3 Bb7 10. dxc5 Bxc5 11. Qe2 Qc7 12. Rd1 O-O 13. Bd2 Ne5 14. Nxe5 Qxe5 15.
e4 Rfd8 16. Be3 Bxe3 17. Qxe3 Ng4 18. Qg3 Qxg3 19. hxg3 Ne5 20. Be2 g5 21. f3
Kg7 22. Kf2 h6 23. f4 Ng6 24. Ke3 f5 25. Rac1 Rac8 26. Nxb5 Bxe4 27. Rxc8 Rxc8
28. Nd6 Rc2 29. Nxe4 fxe4 30. fxg5 hxg5 31. Rd2 Rc6 32. Kxe4 Kf6 33. b4 Ne7 34.
Bd3 Nd5 35. Rc2 Nc3+ 36. Ke3 Ke5 37. Rc1 Nd5+ 38. Kd2 Rd6 39. Re1+ Kf6 40. Kc2
Rc6+ 41. Kd2 Rd6 42. Rb1 Ke5 43. a4 Kd4 44. Rc1 Ne3 45. Re1 Nc4+ 46. Ke2 e5 47.
b5 axb5 48. axb5 e4 49. Bxc4 Kxc4 50. Rb1 Rb6 51. Ke3 Kd5 52. Rb4 g4 53. Rb2 Ke5
54. Rb3 Kd5 55. Rb4 Kc5 56. Rxe4 Kxb5 57. Rxg4 Rf6 58. Rd4 Kc5 59. Rd2 Rg6 60.
Kf4 Rf6+ 61. Kg5 Rf8 62. g4 1-0

[Event "San Fermin Masters Final"]
[Site "chess24.com INT"]
[Date "2021.07.10"]
[Round "1.5"]
[White "Ding, Liren"]
[Black "Santos Latasa, Jaime"]
[Result "1-0"]
[WhiteTitle "GM"]
[BlackTitle "GM"]
[WhiteElo "2799"]
[BlackElo "2608"]
[WhiteFideId "8603677"]
[BlackFideId "2293307"]
[EventDate "2021.07.10"]

1. Nf3 d5 2. d4 Nf6 3. c4 e6 4. g3 dxc4 5. Bg2 c6 6. O-O b5 7. Ne5 Bb7 8. Nc3 a6
9. b3 cxb3 10. Qxb3 Qxd4 11. Bf4 g5 12. Rfd1 Qb4 13. Bxg5 Nfd7 14. Ne4 Qxb3 15.
axb3 Be7 16. Nd6+ Bxd6 17. Rxd6 Rg8 18. Bh4 Ra7 19. Rad1 Ba8 20. b4 Rc7 21. Be4
Bb7 22. f4 h5 23. Bf3 Rh8 24. Kf2 Rh7 25. Be4 Rh8 26. Bf3 Rh7 27. h3 Rh8 28. Bg5
Rg8 29. Bxh5 Rxg5 30. fxg5 Nxe5 31. Rd8+ Ke7 32. Rxb8 c5 33. bxc5 Nd7 34. Rxb7
Rxb7 35. c6 1-0

[Event "San Fermin Masters Final"]
[Site "chess24.com INT"]
[Date "2021.07.10"]
[Round "1.6"]
[White "Santos Latasa, Jaime"]
[Black "Ding, Liren"]
[Result "0-1"]
[WhiteTitle "GM"]
[BlackTitle "GM"]
[WhiteElo "2608"]
[BlackElo "2799"]
[WhiteFideId "2293307"]
[BlackFideId "8603677"]
[EventDate "2021.07.10"]

1. Nf3 d5 2. d4 Nf6 3. c4 e6 4. Nc3 Bb4 5. Bg5 h6 6. Bd2 c5 7. cxd5 exd5 8. e3
O-O 9. a3 Bxc3 10. Bxc3 c4 11. a4 Ne4 12. Nd2 Nxc3 13. bxc3 Nd7 14. Be2 Nf6 15.
Qb1 Re8 16. O-O Rb8 17. Bf3 g6 18. e4 Nxe4 19. Bxe4 dxe4 20. Nxc4 b6 21. Qb4 Ba6
22. Rfe1 Bxc4 23. Qxc4 Rc8 24. Qb3 Qc7 25. Re3 Qc4 26. Qxc4 Rxc4 27. f3 Rec8 28.
Rxe4 Rxc3 29. Re7 Rd3 30. Rxa7 Rc2 31. Kh1 Rxd4 32. h3 Rdd2 33. Rg1 Ra2 34. Ra6
Rdb2 35. Kh2 Kg7 36. h4 h5 37. Kh3 Kf6 38. Rc1 Rxg2 39. Rxb6+ Kg7 40. Ra6 Rh2+
41. Kg3 Rag2+ 42. Kf4 Rxh4+ 43. Ke3 Ra2 44. Rc3 Rhxa4 45. Rxa4 Rxa4 46. Kf2 g5
47. Kg3 h4+ 48. Kh3 Kg6 49. Rc5 Rf4 50. Kg2 Rd4 51. Kh3 Rd3 52. Kg2 f6 53. Rb5
Re3 54. Rc5 Re5 55. Rc4 Kf5 56. Ra4 Re2+ 57. Kh3 Rf2 58. Ra3 Kf4 0-1

[Event "San Fermin Masters Final"]
[Site "chess24.com INT"]
[Date "2021.07.10"]
[Round "1.1"]
[White "Aronian, Levon"]
[Black "Abdusattorov, Nodirbek"]
[Result "0-1"]
[WhiteTitle "GM"]
[BlackTitle "GM"]
[WhiteElo "2782"]
[BlackElo "2634"]
[WhiteFideId "13300474"]
[BlackFideId "14204118"]
[EventDate "2021.07.10"]

1. d4 Nf6 2. Nf3 d5 3. Bf4 c5 4. e3 Nc6 5. Nbd2 Nh5 6. dxc5 Nxf4 7. exf4 Qa5 8.
a3 Qxc5 9. c4 e6 10. b4 Qd6 11. g3 g6 12. Rc1 Bg7 13. Qb3 O-O 14. Bg2 a5 15. O-O
axb4 16. c5 Qe7 17. axb4 Bd7 18. Rfe1 Rfc8 19. h4 Qf8 20. h5 b6 21. hxg6 hxg6
22. cxb6 Rcb8 23. Qe3 Qxb4 24. Rb1 Qc3 25. Qe2 Nd4 26. Nxd4 Bxd4 27. b7 Ra2 28.
Rec1 Qxd2 29. Qxd2 Rxd2 30. Rc7 Bxf2+ 31. Kh1 Bxg3 32. Rxd7 Bxf4 33. Rf1 g5 34.
Rc1 Kg7 35. Bh3 Rh2+ 36. Kg1 Rxh3 37. Rc8 Rb3 0-1

[Event "San Fermin Masters Final"]
[Site "chess24.com INT"]
[Date "2021.07.10"]
[Round "1.2"]
[White "Abdusattorov, Nodirbek"]
[Black "Aronian, Levon"]
[Result "1/2-1/2"]
[WhiteTitle "GM"]
[BlackTitle "GM"]
[WhiteElo "2634"]
[BlackElo "2782"]
[WhiteFideId "14204118"]
[BlackFideId "13300474"]
[EventDate "2021.07.10"]

1. d4 Nf6 2. c4 e6 3. Nf3 d5 4. Nc3 Bb4 5. cxd5 exd5 6. Bf4 Ne4 7. Rc1 Qe7 8.
Nd2 Nxc3 9. bxc3 Ba3 10. Rb1 O-O 11. e3 g5 12. Bg3 f5 13. Be5 Nc6 14. Qb3 Nxe5
15. dxe5 f4 16. e4 Bc5 17. Bd3 Qxe5 18. Qxd5+ Qxd5 19. exd5 Bf5 20. Bxf5 Rxf5
21. O-O Rxd5 22. Ne4 Kf7 23. Rxb7 Bb6 24. c4 Re5 25. c5 Rxe4 26. cxb6 axb6 27.
Rxc7+ Re7 28. Rc2 Rea7 29. Rb2 Rxa2 30. Rxb6 R8a6 31. Rxa6 Rxa6 1/2-1/2

[Event "San Fermin Masters Final"]
[Site "chess24.com INT"]
[Date "2021.07.10"]
[Round "1.3"]
[White "Aronian, Levon"]
[Black "Abdusattorov, Nodirbek"]
[Result "1/2-1/2"]
[WhiteTitle "GM"]
[BlackTitle "GM"]
[WhiteElo "2782"]
[BlackElo "2634"]
[WhiteFideId "13300474"]
[BlackFideId "14204118"]
[EventDate "2021.07.10"]

1. d4 Nf6 2. c4 e6 3. Nf3 d5 4. Nc3 c5 5. e3 cxd4 6. exd4 Bb4 7. cxd5 Nxd5 8.
Qc2 Nc6 9. Bd3 Ba5 10. O-O Ndb4 11. Qe2 Nxd3 12. Qxd3 h6 13. Qe4 O-O 14. Rd1
Bxc3 15. bxc3 Qd5 16. Qe2 b5 17. a4 Ba6 18. Bf4 Qc4 19. Qe3 Ne7 20. Ne5 Qc8 21.
axb5 Bxb5 22. c4 Bc6 23. Qa3 Ng6 24. Nxg6 fxg6 25. Be5 a5 26. f3 a4 27. Rab1 Rf7
28. Rb6 Kh7 29. Rdb1 Raa7 30. Qd6 Rfb7 31. d5 exd5 32. cxd5 Be8 33. h4 Rxb6 34.
Qxb6 Qd7 35. d6 a3 36. Kh2 a2 37. Rc1 Bf7 38. Rc7 Rxc7 39. dxc7 Be6 40. Qa7 Qd5
41. f4 Bc8 42. Qa3 Qf7 43. Qd6 Qd7 44. Qf8 Bb7 45. h5 gxh5 46. f5 a1=Q 47. Bxa1
Qxc7+ 48. Kh3 Bc8 49. Bxg7 Bxf5+ 50. Qxf5+ Kxg7 51. Qxh5 Qf4 52. Qg4+ Qxg4+ 53.
Kxg4 Kg6 54. Kh4 h5 55. g4 hxg4 56. Kxg4 1/2-1/2